[Event "25.Schlosspark-Open"]
[Site "Wiesbaden-Biebrich"]
[Date "2013.08.23"]
[Round "2.1"]
[White "Reh, Stefan"]
[Black "Khenkin, Igor"]
[Result "0-1"]
[WhiteElo "2048"]
[BlackElo "2605"]
[PlyCount "106"]
[EventDate "2013.??.??"]
[WhiteTeam "SC 1934 Gelnhausen"]
[BlackTeam "Wiesbadener SV 1885"]

1. e4 c6 2. Nc3 d5 3. Qf3 dxe4 4. Nxe4 Nd7 5. d4 Ngf6 6. c3 Nxe4 7. Qxe4 Nf6 8.
Qf4 Qd5 9. Nf3 Bf5 10. Be2 e6 11. O-O Bd6 12. Ne5 Nd7 13. c4 Bxe5 14. cxd5 Bxf4
15. dxc6 Bxh2+ 16. Kxh2 bxc6 17. Bf4 Nf6 18. Rac1 Be4 19. Ba6 Rd8 20. Rfd1 Nd5
21. Bg3 Ne7 22. Bb7 Rd7 23. Ba6 O-O 24. f3 Bd5 25. b3 Nf5 26. Bf2 h5 27. Rd3 g5
28. Rd2 Kg7 29. Rc3 Rh8 30. Kg1 h4 31. Bf1 Ng3 32. Ba6 Nh5 33. Be3 g4 34. Bg5
Ng3 35. Bd3 f6 36. Bf4 Nh5 37. Be3 gxf3 38. gxf3 Bxf3 39. Rh2 Ng3 40. Kf2 Ne4+
41. Bxe4 Bxe4 42. Kg1 e5 43. dxe5 fxe5 44. Rc4 Rd1+ 45. Kf2 Rf8+ 46. Ke2 Bf3+
47. Kf2 Be4+ 48. Ke2 Bf3+ 49. Kf2 h3 50. Bc5 Rf7 51. Kg3 Rd3 52. Ra4 Bd1+ 53.
Kh4 Kg6 0-1

[Event "25.Schlosspark-Open"]
[Site "Wiesbaden-Biebrich"]
[Date "2013.08.23"]
[Round "2.2"]
[White "Milov, Leonid"]
[Black "Trumpp, Lothar"]
[Result "1-0"]
[WhiteElo "2528"]
[BlackElo "2066"]
[PlyCount "101"]
[EventDate "2013.??.??"]
[WhiteTeam "SC Noris-Tarrasch Nürnberg 1873"]
[BlackTeam "VSG 1880 Offenbach"]

1. e4 d6 2. d4 e5 3. Nf3 Nd7 4. Bc4 c6 5. O-O Be7 6. dxe5 dxe5 7. Ng5 Bxg5 8.
Qh5 g6 9. Qxg5 Qxg5 10. Bxg5 Nc5 11. Nd2 b5 12. Be2 Ne6 13. Be3 Bb7 14. a4 a6
15. Nb3 Ne7 16. Rfd1 Rd8 17. Nc5 Bc8 18. Nxe6 Rxd1+ 19. Bxd1 Bxe6 20. axb5 axb5
21. Bg5 f5 22. exf5 Bxf5 23. Bf6 Rf8 24. Bxe5 h5 25. c3 Be6 26. Bc2 Rg8 27. Ra7
Bd7 28. h3 Nc8 29. Ra1 Be6 30. Be4 Bd7 31. Ra6 Ne7 32. Bd6 Nd5 33. Ra8+ Kf7 34.
Rxg8 Kxg8 35. Bxg6 h4 36. Be5 Kf8 37. Be4 Kf7 38. f3 Ne3 39. Bd4 Nd1 40. b4 Nb2
41. Kf1 Ke6 42. Ke2 Na4 43. Kd2 Kd6 44. Bf2 c5 45. Bxh4 cxb4 46. cxb4 Ke5 47.
Bf2 Nb2 48. h4 Nc4+ 49. Kc3 Kf4 50. g3+ Ke5 51. Bd4+ 1-0

[Event "25.Schlosspark-Open"]
[Site "Wiesbaden-Biebrich"]
[Date "2013.08.23"]
[Round "2.3"]
[White "Böhmer, Thomas"]
[Black "Meijers, Viesturs"]
[Result "0-1"]
[WhiteElo "2056"]
[BlackElo "2470"]
[PlyCount "86"]
[EventDate "2013.??.??"]
[WhiteTeam "Wiesbadener SV 1885"]
[BlackTeam "ESV Nickelhütte Aue"]

1. d4 Nf6 2. c4 e6 3. Nf3 Bb4+ 4. Bd2 a5 5. Nc3 O-O 6. e3 b6 7. Bd3 Bb7 8. O-O
d6 9. a3 Bxc3 10. Bxc3 Ne4 11. Bxe4 Bxe4 12. b4 axb4 13. axb4 Rxa1 14. Bxa1 Nd7
15. Nd2 Bb7 16. Qc2 f5 17. c5 Bd5 18. c6 Nf6 19. f3 Qe8 20. e4 fxe4 21. fxe4
Qxc6 22. Qxc6 Bxc6 23. Rc1 Bxe4 24. Nxe4 Nxe4 25. Rxc7 b5 26. h3 Ra8 27. Bc3
Nxc3 28. Rxc3 Kf7 29. Rc6 d5 30. Rb6 Ra2 31. Rxb5 Rd2 32. Rb7+ Kf6 33. b5 Rxd4
34. Kf2 h5 35. b6 Rb4 36. Rb8 Ke5 37. Rg8 Rxb6 38. Rxg7 Ke4 39. Rh7 Rb2+ 40.
Kg3 d4 41. Rxh5 d3 42. Rh4+ Ke3 43. Rh6 Rb6 0-1

[Event "25.Schlosspark-Open"]
[Site "Wiesbaden-Biebrich"]
[Date "2013.08.23"]
[Round "2.4"]
[White "Schmittdiel, Eckhard"]
[Black "Heim, Frank"]
[Result "1-0"]
[WhiteElo "2435"]
[BlackElo "2059"]
[PlyCount "41"]
[EventDate "2013.??.??"]
[WhiteTeam "SC Hansa Dortmund e.V."]
[BlackTeam "SAbt TuS Dotzheim"]

1. e4 e6 2. d4 d5 3. Nc3 Nc6 4. e5 f6 5. Bb5 Bd7 6. Nf3 Bb4 7. O-O Qe7 8. Bxc6
Bxc6 9. Ne2 Qf7 10. a4 h5 11. Bd2 Be7 12. Re1 Nh6 13. exf6 gxf6 14. Nf4 O-O-O
15. Nxe6 Rdg8 16. Bf4 Bd6 17. Bxd6 cxd6 18. Qd2 Rg4 19. Nf4 Qg7 20. h3 Nf5 21.
Kf1 1-0

[Event "25.Schlosspark-Open"]
[Site "Wiesbaden-Biebrich"]
[Date "2013.08.23"]
[Round "2.5"]
[White "Giese, Tilman"]
[Black "Boidman, Yuri"]
[Result "1-0"]
[WhiteElo "2045"]
[BlackElo "2403"]
[PlyCount "91"]
[EventDate "2013.??.??"]
[WhiteTeam "SC Turm Illingen"]
[BlackTeam "SC Heimbach-Weis/Neuwied"]

1. c4 c6 2. Nc3 d5 3. cxd5 cxd5 4. d4 Nf6 5. g3 Nc6 6. Nf3 Bf5 7. Ne5 e6 8. Qa4
Qb6 9. Qb5 Qxb5 10. Nxb5 Bb4+ 11. Bd2 Bxd2+ 12. Kxd2 O-O 13. Bg2 a6 14. Nxc6
bxc6 15. Nc3 Rab8 16. b3 Rb4 17. e3 c5 18. dxc5 d4 19. Na4 Ne4+ 20. Bxe4 Bxe4
21. Rhc1 Bc6 22. Nb6 dxe3+ 23. fxe3 Rd8+ 24. Kc3 Re4 25. Nc4 Bd5 26. Rd1 Rc8
27. Rd4 f5 28. b4 Rb8 29. Rxe4 Bxe4 30. Rd1 Bd5 31. a4 Kf7 32. Nb6 Bc6 33. Nd7
Bxa4 34. Nxb8 Bxd1 35. Nxa6 Be2 36. Nc7 Ke7 37. b5 Kd7 38. b6 e5 39. Nd5 Ba6
40. Nb4 Bb7 41. Kc4 Bf3 42. Kb5 Be2+ 43. Ka5 g5 44. c6+ Kd6 45. b7 Kc7 46. Na6+
1-0

[Event "25.Schlosspark-Open"]
[Site "Wiesbaden-Biebrich"]
[Date "2013.08.23"]
[Round "2.6"]
[White "Müller, Ralf"]
[Black "Kolker, Vladislav"]
[Result "1-0"]
[WhiteElo "2395"]
[BlackElo "2054"]
[PlyCount "55"]
[EventDate "2013.??.??"]
[WhiteTeam "SG Stern Stuttgart"]
[BlackTeam "SC Bad Nauheim"]

1. d4 Nf6 2. Nf3 g6 3. c4 Bg7 4. Nc3 O-O 5. e4 d6 6. Be2 Na6 7. O-O e5 8. Be3
Ng4 9. Bg5 f6 10. Bc1 Nh6 11. Rb1 c6 12. b4 Nf7 13. b5 Nc7 14. bxc6 bxc6 15.
Ba3 Re8 16. Qa4 Bd7 17. c5 d5 18. exd5 Nxd5 19. Nxd5 cxd5 20. c6 Bg4 21. Rfc1
Nd6 22. c7 Qe7 23. Qc6 Bf8 24. dxe5 fxe5 25. Qxd5+ Kh8 26. Bxd6 Qxd6 27. Qxd6
Bxd6 28. Ng5 1-0

[Event "25.Schlosspark-Open"]
[Site "Wiesbaden-Biebrich"]
[Date "2013.08.23"]
[Round "2.7"]
[White "Stabernack, Joschi"]
[Black "Carow, Johannes"]
[Result "0-1"]
[WhiteElo "2041"]
[BlackElo "2355"]
[PlyCount "74"]
[EventDate "2013.??.??"]
[WhiteTeam "Kasseler SK 1876"]
[BlackTeam "Sfr.Heidesheim"]

1. e4 c5 2. Nf3 e6 3. d4 cxd4 4. Nxd4 a6 5. Bd3 Bc5 6. Nb3 Be7 7. O-O Nc6 8. f4
d6 9. a4 Nf6 10. a5 b5 11. axb6 Qxb6+ 12. Kh1 O-O 13. Qe2 Nb4 14. Be3 Qb8 15.
N1d2 Bd7 16. Ra5 Rc8 17. c3 Nxd3 18. Qxd3 Bd8 19. Ra3 d5 20. Rfa1 a5 21. e5 Ng4
22. Bd4 Be8 23. Qe2 Nh6 24. Nf3 a4 25. Nc1 Qb7 26. Nd3 Be7 27. R3a2 Bb5 28. Qd2
Qc6 29. Rd1 Rab8 30. Nfe1 Nf5 31. Qf2 h5 32. Raa1 Bc4 33. Rd2 Rb7 34. Qg1 Rcb8
35. Qf2 Bh4 36. g3 Be7 37. Bc5 d4+ 0-1

[Event "25.Schlosspark-Open"]
[Site "Wiesbaden-Biebrich"]
[Date "2013.08.23"]
[Round "2.8"]
[White "Mensch, Etienne"]
[Black "Feicht, Arno"]
[Result "1-0"]
[WhiteElo "2345"]
[BlackElo "2049"]
[PlyCount "65"]
[EventDate "2013.??.??"]
[WhiteTeam "SK Freiburg-Wiehre 2000 e.V."]
[BlackTeam "Sfr. Anderssen Wetzlar"]

1. d4 e6 2. c4 f5 3. g3 Nf6 4. Bg2 c6 5. Nf3 d5 6. O-O Bd6 7. b3 Qe7 8. a4 a5
9. Ba3 O-O 10. Qc1 b6 11. Bxd6 Qxd6 12. Qa3 Qd8 13. Ne5 Bb7 14. cxd5 exd5 15.
Rc1 Re8 16. e3 c5 17. Qb2 Na6 18. dxc5 bxc5 19. Nd3 Rc8 20. Nc3 Qe7 21. Ne2 d4
22. Bxb7 Qxb7 23. exd4 Qf3 24. Nef4 g5 25. Ne5 Qe4 26. Nfd3 cxd4 27. Rxc8 Rxc8
28. Qd2 h6 29. Qxa5 Qb7 30. Nc4 Qxb3 31. Qxa6 Rxc4 32. Qxf6 Qxd3 33. Re1 1-0

[Event "25.Schlosspark-Open"]
[Site "Wiesbaden-Biebrich"]
[Date "2013.08.23"]
[Round "2.9"]
[White "Leidorf, Sebastian"]
[Black "Junesch, Gerhard"]
[Result "0-1"]
[WhiteElo "2037"]
[BlackElo "2323"]
[PlyCount "52"]
[EventDate "2013.??.??"]
[WhiteTeam "SV Bergwinkel"]
[BlackTeam "SC Erdmannhausen"]

1. c4 Nf6 2. g3 c6 3. Bg2 d5 4. Nf3 Bg4 5. O-O Nbd7 6. cxd5 cxd5 7. d4 e6 8.
Qb3 Nb6 9. Nc3 Be7 10. Bg5 O-O 11. Ne5 Bf5 12. Na4 Nxa4 13. Qxa4 h6 14. Bxf6
gxf6 15. Nf3 Qb6 16. Nh4 Bh7 17. Rac1 Qxb2 18. Qd7 Rfe8 19. Rc7 Qxe2 20. Rxb7
Qxa2 21. Rc1 Qd2 22. Qc6 Ba3 23. Ra1 Rac8 24. Rc7 Rxc7 25. Qxc7 Qb2 26. Re1
Qxd4 0-1

[Event "25.Schlosspark-Open"]
[Site "Wiesbaden-Biebrich"]
[Date "2013.08.23"]
[Round "2.10"]
[White "Gara, Anita"]
[Black "Brechlin, Olaf"]
[Result "1-0"]
[WhiteElo "2299"]
[BlackElo "2046"]
[PlyCount "41"]
[EventDate "2013.??.??"]
[WhiteTeam "SV Großhansdorf"]
[BlackTeam "FVS ASP Hoyerswerda"]

1. e4 Nc6 2. Nf3 d5 3. exd5 Qxd5 4. Nc3 Qa5 5. Bb5 Bd7 6. O-O a6 7. Bc4 Bg4 8.
h3 Bh5 9. Bd5 e6 10. Bxc6+ bxc6 11. d4 Bd6 12. Qd3 Ne7 13. Re1 Bg6 14. Qe2 O-O
15. Ne4 Bxe4 16. Qxe4 Qf5 17. Bg5 Rab8 18. b3 Qxe4 19. Rxe4 c5 20. dxc5 Bxc5
21. Rc4 1-0

[Event "25.Schlosspark-Open"]
[Site "Wiesbaden-Biebrich"]
[Date "2013.08.23"]
[Round "2.11"]
[White "Gentner, Markus"]
[Black "Karabalis, Harilos"]
[Result "0-1"]
[WhiteElo "2025"]
[BlackElo "2275"]
[PlyCount "42"]
[EventDate "2013.??.??"]
[WhiteTeam "SG Stern Stuttgart"]
[BlackTeam "SC Brett vor'm Kopp Ffm"]

1. Nf3 Nf6 2. c4 g6 3. d4 Bg7 4. Nc3 O-O 5. e4 d6 6. Be2 Nbd7 7. Be3 e5 8. O-O
Re8 9. dxe5 dxe5 10. Qc2 c6 11. Nd2 Nf8 12. Rad1 Ne6 13. Nb3 Qe7 14. g3 h5 15.
a4 Ng4 16. Bxg4 hxg4 17. Qc1 Bf6 18. f4 gxf3 19. h4 Nd4 20. Rxd4 exd4 21. Nxd4
Qd6 0-1

[Event "25.Schlosspark-Open"]
[Site "Wiesbaden-Biebrich"]
[Date "2013.08.23"]
[Round "2.13"]
[White "Zeyer, Oliver"]
[Black "Krenz, Valeriy"]
[Result "1-0"]
[WhiteElo "2001"]
[BlackElo "2263"]
[PlyCount "73"]
[EventDate "2013.??.??"]
[WhiteTeam "SF HN-Biberach 1978 e.V."]
[BlackTeam "SAbt TuS Dotzheim"]

1. e4 c6 2. d4 d5 3. Nc3 g6 4. h3 Bg7 5. Nf3 Nh6 6. Be2 O-O 7. O-O f6 8. Bf4
Nf7 9. Re1 e6 10. Qd2 Nd7 11. Rad1 b5 12. a3 a5 13. Bd3 Nb6 14. e5 f5 15. Ng5
Nh8 16. Nf3 Nf7 17. Ng5 Qc7 18. Nxf7 Rxf7 19. Ne2 Nc4 20. Bxc4 bxc4 21. Bh6 c5
22. Bxg7 Rxg7 23. h4 Rb8 24. Rb1 cxd4 25. Qxd4 Qb6 26. c3 Rgb7 27. Qd2 Qd8 28.
g3 Bd7 29. Nd4 Kg7 30. Re2 h6 31. Qc2 Qe7 32. Kg2 g5 33. hxg5 hxg5 34. Ree1 Rb6
35. Rh1 Be8 36. g4 f4 37. Qh7+ 1-0

[Event "25.Schlosspark-Open"]
[Site "Wiesbaden-Biebrich"]
[Date "2013.08.23"]
[Round "2.14"]
[White "Wenninger, Philipp"]
[Black "Willems, Matthias"]
[Result "1/2-1/2"]
[WhiteElo "2229"]
[BlackElo "2037"]
[PlyCount "56"]
[EventDate "2013.??.??"]
[WhiteTeam "Heilbronner SV"]
[BlackTeam "SC Bad Nauheim"]

1. d4 d5 2. c4 c6 3. Nf3 Nf6 4. Nc3 dxc4 5. a4 Bf5 6. Nh4 Bd7 7. e4 e6 8. Nf3
Bb4 9. Bg5 Bxc3+ 10. bxc3 Qa5 11. e5 Ne4 12. Bd2 c5 13. Bxc4 cxd4 14. cxd4 Nxd2
15. Nxd2 Nc6 16. Qg4 O-O 17. Ra3 f5 18. Qf4 Ne7 19. O-O Nd5 20. Bxd5 Qxd5 21.
h4 Rac8 22. Rfa1 Rc2 23. Rg3 Bc6 24. Nf1 Rc3 25. Ne3 Qd7 26. a5 Rd3 27. Rd1
Rxd1+ 28. Nxd1 Rd8 1/2-1/2

[Event "25.Schlosspark-Open"]
[Site "Wiesbaden-Biebrich"]
[Date "2013.08.23"]
[Round "2.15"]
[White "Malzahn, Sven"]
[Black "Hahn, Markus"]
[Result "1-0"]
[WhiteElo "2017"]
[BlackElo "2239"]
[PlyCount "65"]
[EventDate "2013.??.??"]
[WhiteTeam "SAbt TuS Dotzheim"]
[BlackTeam "Kasseler SK 1876"]

1. e4 c5 2. b4 b6 3. Nf3 Bb7 4. bxc5 Bxe4 5. Nc3 Bb7 6. cxb6 axb6 7. Be2 Nf6 8.
O-O e6 9. Rb1 Be7 10. Ne5 d5 11. Bb5+ Nbd7 12. Na4 Rb8 13. Nxb6 Bc8 14. Nbxd7
Bxd7 15. Bxd7+ Nxd7 16. Nc6 Rxb1 17. Nxd8 Bxd8 18. Qg4 O-O 19. Ba3 Rxf1+ 20.
Kxf1 Re8 21. Qa4 Nf6 22. Qc6 Ba5 23. c3 d4 24. Bb4 Bxb4 25. cxb4 Rb8 26. Qd6
Ra8 27. Qc6 Rb8 28. b5 Nd5 29. a4 d3 30. f3 g5 31. a5 Rd8 32. a6 Ne3+ 33. Kf2
1-0

[Event "25.Schlosspark-Open"]
[Site "Wiesbaden-Biebrich"]
[Date "2013.08.23"]
[Round "2.16"]
[White "Minor, Samuel"]
[Black "Bingert, Tim Niklas"]
[Result "1-0"]
[WhiteElo "2230"]
[BlackElo "2026"]
[PlyCount "87"]
[EventDate "2013.??.??"]
[WhiteTeam "Wiesbadener SV 1885"]
[BlackTeam "SK Langen"]

1. e4 c5 2. Nf3 Nc6 3. Nc3 g6 4. d4 cxd4 5. Nxd4 Bg7 6. Be3 Nf6 7. Bc4 O-O 8.
Bb3 d6 9. f3 Bd7 10. Qd2 Nxd4 11. Bxd4 b5 12. Nd5 Nxd5 13. exd5 Bxd4 14. Qxd4
Qa5+ 15. c3 Rab8 16. a3 Qb6 17. Rd1 a5 18. Kf2 b4 19. cxb4 axb4 20. a4 Rb7 21.
Rhe1 Re8 22. Re4 Kf8 23. Ra1 Ra8 24. Ke2 Qxd4 25. Rxd4 Ra6 26. Kd2 e5 27. dxe6
fxe6 28. Bc4 Rxa4 29. Rxa4 Bxa4 30. Rxd6 Rd7 31. Rxd7 Bxd7 32. Kd3 Ke7 33. Ba6
g5 34. Kc4 Bc6 35. Kxb4 g4 36. Be2 Kd6 37. Kc4 e5 38. b4 gxf3 39. gxf3 e4 40.
f4 Ke6 41. Kc5 Ba8 42. Bg4+ Kf6 43. Kd4 Bb7 44. b5 1-0

[Event "25.Schlosspark-Open"]
[Site "Wiesbaden-Biebrich"]
[Date "2013.08.23"]
[Round "2.17"]
[White "Carow, Annelen"]
[Black "Nagel, Bernhard"]
[Result "1/2-1/2"]
[WhiteElo "1997"]
[BlackElo "2230"]
[PlyCount "64"]
[EventDate "2013.??.??"]
[WhiteTeam "Sfr.Heidesheim"]
[BlackTeam "Wiesbadener SV 1885"]

1. d4 Nf6 2. c4 e6 3. Nc3 Bb4 4. Qc2 O-O 5. a3 Bxc3+ 6. Qxc3 b6 7. Bg5 Bb7 8.
Nh3 d5 9. cxd5 exd5 10. e3 Nbd7 11. Bd3 c5 12. O-O h6 13. Bxf6 Qxf6 14. Rac1
Rac8 15. dxc5 Qxc3 16. Rxc3 Rxc5 17. Rxc5 Nxc5 18. Bb1 Na4 19. b3 Nc3 20. Bd3
Rc8 21. f3 Na2 22. Bb1 Nc1 23. b4 Rc3 24. Rd1 g5 25. Kf2 a5 26. Ng1 Kf8 27.
bxa5 bxa5 28. Ke1 Nb3 29. Rd3 Rc1+ 30. Rd1 Rc3 31. Rd3 Rc1+ 32. Rd1 Rc3 1/2-1/2

[Event "25.Schlosspark-Open"]
[Site "Wiesbaden-Biebrich"]
[Date "2013.08.23"]
[Round "2.18"]
[White "Puschendorf, Steffen"]
[Black "Machlin, Maxim"]
[Result "0-1"]
[WhiteElo "2220"]
[BlackElo "1995"]
[PlyCount "97"]
[EventDate "2013.??.??"]
[WhiteTeam "ESV Gera"]
[BlackTeam "Biebertaler SF"]

1. d4 d5 2. c4 e6 3. Nf3 c6 4. g3 Nf6 5. Bg2 Ne4 6. O-O Be7 7. Qc2 O-O 8. Nc3
f5 9. Rb1 Nd7 10. b4 Nb6 11. c5 Nd7 12. Bb2 Bf6 13. Nxe4 fxe4 14. Ne5 Bxe5 15.
dxe5 Qg5 16. Qc3 Qh6 17. f3 exf3 18. exf3 Rf5 19. f4 Nf8 20. Rbe1 Qg6 21. Qf3
a5 22. a3 Qe8 23. g4 Rf7 24. Bh3 axb4 25. axb4 b6 26. cxb6 Nd7 27. Bd4 Rb8 28.
Qe3 Qd8 29. f5 Nxb6 30. fxe6 Bxe6 31. Rxf7 Kxf7 32. Rf1+ Kg8 33. Bc5 Nd7 34.
Bd6 Qb6 35. Qxb6 Rxb6 36. Rf3 Ra6 37. Rc3 Kf7 38. Bf1 Ra1 39. h3 d4 40. Rf3+
Kg6 41. Kf2 h5 42. Bd3+ Kh6 43. Bf5 Ra2+ 44. Kg3 Bd5 45. g5+ Kxg5 46. Be7+ Kh6
47. Kf4 Rg2 48. h4 g6 49. Bxd7 {ZÜ} 0-1

[Event "25.Schlosspark-Open"]
[Site "Wiesbaden-Biebrich"]
[Date "2013.08.23"]
[Round "2.19"]
[White "Weiland, Thomas"]
[Black "Commercon, Simon"]
[Result "0-1"]
[WhiteElo "1997"]
[BlackElo "2183"]
[PlyCount "82"]
[EventDate "2013.??.??"]
[WhiteTeam "SV Oberursel"]
[BlackTeam "TSG Mutterstadt"]

1. e4 g6 2. d4 Bg7 3. Nf3 d6 4. Nc3 c6 5. h3 Nf6 6. Be3 Qa5 7. Qd2 O-O 8. Bd3
e5 9. dxe5 dxe5 10. Bh6 Nbd7 11. Bxg7 Kxg7 12. O-O Nh5 13. Rfd1 Qb4 14. Rab1
Re8 15. a3 Qe7 16. b4 Nf8 17. Bf1 f6 18. Qd6 Be6 19. b5 Rac8 20. b6 Ra8 21. a4
Nd7 22. bxa7 Rxa7 23. a5 Nc5 24. Ra1 Qxd6 25. Rxd6 Kf7 26. g4 Nf4 27. g5 Ke7
28. Rdd1 Bxh3 29. gxf6+ Kxf6 30. Bxh3 Nxh3+ 31. Kg2 Nf4+ 32. Kg3 Rea8 33. Rd6+
Nfe6 34. Rh1 Rxa5 35. Rxh7 Ra3 36. Nd5+ cxd5 37. exd5 Ne4+ 38. Kg4 Nxf2+ 39.
Kh4 R8a4+ 40. Kg3 Ne4+ 41. Kg2 Nxd6 0-1

[Event "25.Schlosspark-Open"]
[Site "Wiesbaden-Biebrich"]
[Date "2013.08.23"]
[Round "2.20"]
[White "Sobolevsky, Leonid"]
[Black "Supplieth, Peter"]
[Result "1-0"]
[WhiteElo "2182"]
[BlackElo "2000"]
[PlyCount "55"]
[EventDate "2013.??.??"]
[WhiteTeam "Schachzirkel Elstertal Langenber"]
[BlackTeam "SC Kevelaer 1948 e.V."]

1. e4 Nf6 2. e5 Nd5 3. d4 d6 4. Nf3 Bg4 5. Be2 e6 6. O-O Be7 7. c4 Nb6 8. exd6
cxd6 9. Nc3 Nc6 10. d5 exd5 11. Nxd5 O-O 12. Nxe7+ Nxe7 13. Qd4 Qd7 14. h3 Bh5
15. Rd1 Rad8 16. Bf4 Qe6 17. Re1 Nc6 18. Qd2 Bxf3 19. Bxf3 Qxc4 20. b3 Qb4 21.
Rad1 d5 22. Qe3 d4 23. Qc1 Nd5 24. Bg5 Rd7 25. Re4 Qb6 26. Rh4 Nc3 27. Bf6 Rd6
28. Qh6 1-0

[Event "25.Schlosspark-Open"]
[Site "Wiesbaden-Biebrich"]
[Date "2013.08.23"]
[Round "2.21"]
[White "Kuhn, Gerhard"]
[Black "Kayser, Felix"]
[Result "1-0"]
[WhiteElo "1996"]
[BlackElo "2179"]
[PlyCount "51"]
[EventDate "2013.??.??"]
[WhiteTeam "SK Marburg 1931/72"]
[BlackTeam "Wiesbadener SV 1885"]

1. e4 c5 2. c3 g6 3. d4 cxd4 4. cxd4 d5 5. exd5 Nf6 6. Nc3 Nxd5 7. g3 Bg7 8.
Bg2 Be6 9. Nge2 Nc6 10. O-O O-O 11. Re1 Rc8 12. Qa4 a6 13. Bg5 Ncb4 14. Nxd5
Nxd5 15. Rac1 Rxc1 16. Rxc1 Qb6 17. Nc3 Nf6 18. Qa3 Ng4 19. Bxe7 Qxd4 20. Bc5
Qd2 21. Rd1 Qh6 22. h3 Ne5 23. Bxf8 Bxf8 24. Rd8 Nd7 25. Ne4 f5 26. Qe7 1-0

[Event "25.Schlosspark-Open"]
[Site "Wiesbaden-Biebrich"]
[Date "2013.08.23"]
[Round "2.22"]
[White "Stimpel, Franz"]
[Black "Klyszcz, Michael"]
[Result "1/2-1/2"]
[WhiteElo "2175"]
[BlackElo "1999"]
[PlyCount "96"]
[EventDate "2013.??.??"]
[WhiteTeam "Wiesbadener SV 1885"]
[BlackTeam "SG 1871 Löberitz"]

1. d4 e6 2. c4 f5 3. g3 Nf6 4. Bg2 Be7 5. Nh3 d6 6. O-O O-O 7. Nc3 e5 8. e3 Ne4
9. Nd5 Nc6 10. f3 Nf6 11. Nxe7+ Qxe7 12. d5 Nd8 13. Nf2 Nf7 14. Bd2 Nd7 15. Qc2
a5 16. b3 b6 17. a3 Nf6 18. b4 axb4 19. axb4 Bd7 20. e4 fxe4 21. fxe4 g5 22.
Be3 h5 23. Rxa8 Rxa8 24. c5 bxc5 25. bxc5 Rf8 26. h3 Kg7 27. Nd3 Kg6 28. Nb4
Ra8 29. cxd6 cxd6 30. Nc6 Qe8 31. Rc1 Rc8 32. Kh2 Nd8 33. Qd2 g4 34. h4 Bxc6
35. dxc6 Rxc6 36. Rxc6 Qxc6 37. Bg5 Nf7 38. Bxf6 Kxf6 39. Qf2+ Kg7 40. Qf5 Qc1
41. Qxh5 Nh6 42. Qe8 Qd2 43. Qd7+ Kf6 44. Qd8+ Kf7 45. Qh8 Kg6 46. Qe8+ Kf6 47.
Qd7 Kg6 48. Qe6+ Kg7 1/2-1/2

[Event "25.Schlosspark-Open"]
[Site "Wiesbaden-Biebrich"]
[Date "2013.08.23"]
[Round "2.23"]
[White "Troidl, Thomas"]
[Black "Pioch, Thomas"]
[Result "1/2-1/2"]
[WhiteElo "1991"]
[BlackElo "2172"]
[PlyCount "29"]
[EventDate "2013.??.??"]
[WhiteTeam "TSV Kareth-Lappersdorf"]
[BlackTeam "Sfr.Mainz 1928"]

1. e4 e6 2. d4 d5 3. Nd2 Nf6 4. e5 Nfd7 5. Ngf3 c5 6. c3 Nc6 7. Be2 Be7 8. O-O
O-O 9. Re1 cxd4 10. cxd4 f6 11. Bd3 f5 12. a3 a5 13. b3 Nb6 14. Bb2 Bd7 15. Rc1
1/2-1/2

[Event "25.Schlosspark-Open"]
[Site "Wiesbaden-Biebrich"]
[Date "2013.08.23"]
[Round "2.24"]
[White "Bauer, Claus"]
[Black "Diez, Gerhard"]
[Result "1-0"]
[WhiteElo "2172"]
[BlackElo "1996"]
[PlyCount "67"]
[EventDate "2013.??.??"]
[WhiteTeam "Sfr.Mainz 1928"]
[BlackTeam "SC Bad Nauheim"]

1. d4 Nf6 2. Nf3 b6 3. e3 e6 4. Nbd2 c5 5. c3 Ba6 6. Bxa6 Nxa6 7. O-O cxd4 8.
exd4 Nc7 9. Qe2 d5 10. Ne5 Bd6 11. f4 O-O 12. g4 g6 13. Kh1 Nfe8 14. f5 f6 15.
Nd3 Ng7 16. fxg6 hxg6 17. Nf3 Qe8 18. Bd2 g5 19. Rae1 Qg6 20. Kg2 Rae8 21. h4
Bf4 22. hxg5 e5 23. dxe5 fxg5 24. Nd4 Bxd2 25. Rxf8+ Rxf8 26. Qxd2 Nce6 27.
Nxe6 Nxe6 28. Re3 Kg7 29. Qe2 d4 30. Rf3 dxc3 31. bxc3 Rd8 32. Rf6 Rxd3 33.
Rxg6+ Kxg6 34. Qxd3+ 1-0

[Event "25.Schlosspark-Open"]
[Site "Wiesbaden-Biebrich"]
[Date "2013.08.23"]
[Round "2.25"]
[White "Schmidt, Volker"]
[Black "Ruppert, Wolfgang"]
[Result "0-1"]
[WhiteElo "1968"]
[BlackElo "2167"]
[PlyCount "108"]
[EventDate "2013.??.??"]
[WhiteTeam "SAbt TuS Dotzheim"]
[BlackTeam "SC Flörsheim 1921"]

1. c4 e5 2. g3 Nf6 3. Bg2 d5 4. cxd5 Nxd5 5. Nc3 Nb6 6. Nf3 Nc6 7. d3 Be7 8.
O-O O-O 9. a3 a5 10. Be3 Be6 11. Rc1 Nd5 12. Nxd5 Bxd5 13. Bc5 Bxc5 14. Rxc5
Qd6 15. Rc1 Rfe8 16. e3 a4 17. d4 Bb3 18. Qd2 Rad8 19. Qc3 exd4 20. exd4 Bd5
21. Rcd1 b6 22. Kh1 Bxf3 23. Qxf3 Nxd4 24. Qb7 h6 25. Rc1 Ne6 26. Qa6 Nc5 27.
Qb5 Re5 28. Qc4 Qd4 29. h3 Qxc4 30. Rxc4 Rd2 31. Kg1 Rxb2 32. Rd1 g6 33. Rf4
Kg7 34. Bc6 Ra2 35. Bd5 Rxd5 36. Rxd5 Rxa3 37. Rc4 Ne6 38. Rb4 Kf6 39. Rd1 Ke7
40. Rb2 Rc3 41. Rb4 Nc5 42. Rb2 Rb3 43. Re2+ Ne6 44. Rc2 c5 45. Rcd2 Nd4 46.
Re1+ Kf6 47. Kg2 b5 48. f4 Rc3 49. Re5 b4 50. g4 b3 51. h4 a3 52. g5+ Kg7 53.
Rd1 b2 54. h5 Rc1 0-1

[Event "25.Schlosspark-Open"]
[Site "Wiesbaden-Biebrich"]
[Date "2013.08.23"]
[Round "2.26"]
[White "Serbu, Eli"]
[Black "Cichy, Michael"]
[Result "1-0"]
[WhiteElo "2164"]
[BlackElo "1992"]
[PlyCount "151"]
[EventDate "2013.??.??"]
[WhiteTeam "Wiesbadener SV 1885"]
[BlackTeam "SC Braunschweig Gliesmarode v. 1"]

1. e4 c5 2. c3 d6 3. d4 Nf6 4. Bd3 cxd4 5. cxd4 g6 6. Nc3 Bg7 7. Nf3 O-O 8. O-O
Nc6 9. h3 e5 10. Be3 Nh5 11. Bg5 f6 12. Bc4+ Kh8 13. Be3 Nf4 14. Rc1 Na5 15.
Bd5 Nxd5 16. Nxd5 Nc6 17. a3 Be6 18. Nc3 exd4 19. Nxd4 Nxd4 20. Bxd4 a6 21. Qf3
Rc8 22. Qe3 Rc6 23. Rcd1 Bb3 24. Rd2 Re8 25. Qf3 Be6 26. Qd1 Qd7 27. f4 Qf7 28.
f5 gxf5 29. exf5 Bb3 30. Qf3 Bh6 31. Rdf2 Rc4 32. Qd5 Qxd5 33. Bxf6+ Kg8 34.
Nxd5 Rc5 35. Nf4 Rxf5 36. Bc3 Bc4 37. g4 Rxf4 38. Rxf4 Bxf4 39. Rxf4 d5 40. Rf5
Re6 41. Kf2 Re2+ 42. Kf3 Re6 43. Kf4 Bb3 44. h4 Re4+ 45. Kg3 Re3+ 46. Kf2 Re7
47. h5 Rf7 48. Bf6 Bc2 49. Rf4 Be4 50. Ke3 Rc7 51. g5 Rc1 52. Be7 Rc8 53. Kd4
Re8 54. Bd6 Rd8 55. Rf6 Re8 56. Kc5 Bg2 57. h6 Be4 58. Kb6 d4 59. Bb4 d3 60.
Rf2 Rc8 61. Rf4 Re8 62. Kc7 Bg2 63. Rd4 Bc6 64. Rxd3 Kf7 65. Rd6 Re6 66. Rd8
Be4 67. Rf8+ Kg6 68. Rg8+ Kh5 69. Bd6 Rg6 70. Re8 Bc6 71. Rh8 Be4 72. Be7 Rc6+
73. Kb8 Rc2 74. Bf6 Rd2 75. Re8 Bc6 76. Re7 1-0

[Event "25.Schlosspark-Open"]
[Site "Wiesbaden-Biebrich"]
[Date "2013.08.23"]
[Round "2.27"]
[White "Karthaus, Carsten"]
[Black "Sergin, Mark"]
[Result "0-1"]
[WhiteElo "1965"]
[BlackElo "2160"]
[PlyCount "54"]
[EventDate "2013.??.??"]
[WhiteTeam "SG Stern Stuttgart"]
[BlackTeam "Kasseler SK 1876"]

1. e4 d5 2. exd5 Qxd5 3. Nc3 Qd6 4. d4 Nf6 5. Bc4 a6 6. f3 Nc6 7. Nge2 Bf5 8.
Bf4 Qd7 9. Qd2 O-O-O 10. O-O-O Nb4 11. Bb3 e6 12. Ng3 Bg6 13. Nge4 Nfd5 14. Nc5
Qc6 15. a3 Nxc3 16. axb4 Nxd1 17. Rxd1 Qb6 18. Qc3 Bd6 19. Be3 c6 20. d5 exd5
21. Na4 Qxb4 22. Nb6+ Kb8 23. Qxg7 Bf4 24. Bxf4+ Qxf4+ 25. Kb1 Qe3 26. Nd7+ Kc8
27. Qe5 Qxb3 0-1